|
|
|
|
| LEADER |
00000nam a2200000 a 4500 |
| 001 |
vtls001561009 |
| 003 |
SK-MaSNL |
| 005 |
20260224203933.0 |
| 008 |
050421s xo d 000 0 slo |
| 013 |
|
|
|a 284 287
|b gw
|c patentový spis
|d 20050103
|e dátum nadobudnutia účinkov patentu (Vestník ÚPV SR č.: 1/2005 )
|d 20041129
|e dátum sprístupnenia patentu verejnosti
|
| 013 |
|
|
|a 1527-97
|e číslo prihlášky
|d 19971113
|e dátum podania prihlášky
|d 19980603
|e dátum zverejnenia prihlášky (Vestník ÚPV SR č.: 06/1998 )
|
| 013 |
|
|
|a 19647381.0
|e číslo prioritnej prihlášky
|d 19961115
|e dátum podania prioritnej prihlášky
|
| 040 |
|
|
|a SNK
|b slo
|c SNK
|e AACR2
|
| 245 |
1 |
|
|a Heterocyklické zlúčeniny ako inhibítory adhézie leukocytov a antagonisty VLA-4, spôsob ich prípravy a farmaceutický prostriedok, ktorý ich obsahuje
|
| 260 |
|
|
|a [Banská Bystrica]
|b Úrad priemyselného vlastníctva Slovenskej republiky
|c [2004]
|
| 919 |
|
|
|a ISBN
|
| 999 |
|
|
|c 1163085
|d 1165015
|
| 952 |
|
|
|a SNK
|b SNK
|y PREZ
|7 0
|p 17A0467183
|o snkSK 284287
|i snk2005/6622
|8 0
|0 0
|1 0
|4 0
|d 2005-04-21
|l 0
|r 2026-02-24 20:39:33
|w 2026-02-24
|